000 a
999 _c91044
_d91043
005 20190704142909.0
008 190703b ||||| |||| 00| 0 eng d
020 _a9788177057478
080 _a89M-3BAS.09
_bUNN
100 _aUnnikrishnan Kallil
245 _aSthree Sankalpam Basheerkrithikalil (സ്ത്രീ സങ്കല്‌പം ബഷീർ കൃതികളിൽ )
260 _bOlive
_aThiruvanathapuram
_c2017
300 _a172 p.
653 _aMalayalam Literature
942 _cBK